Statistics for Countries with the fastest high-speed rail

Click here to take the quiz!

General Stats

  • This quiz has been taken 75 times
    (58 since last reset)
  • The average score is 21 of 26

Answer Stats

Km/hCountry% Correct
320France
98%
350China
96%
300Germany
96%
300Italy
96%
320Japan
94%
310Spain
94%
300United Kingdom
92%
250Russia
90%
305South Korea
90%
240United States
90%
205Sweden
88%
210Norway
86%
200Poland
84%
220Portugal
84%
250Austria
82%
300Belgium
82%
250Denmark
82%
250Switzerland
82%
300Netherlands
80%
220Finland
78%
300Turkey
76%
200Greece
74%
315Taiwan
72%
300Saudi Arabia
60%
320Morocco
38%
250Uzbekistan
36%

Score Distribution

Percentile by Number Answered

Percent of People with Each Score

Your Score History

You have not taken this quiz since the last reset